[Event "Cannes P&V Masters"]
[Site "Cannes"]
[Date "2002.02.07"]
[Round "5"]
[White "Acher, Mathieu"]
[Black "Forestier, Flavien"]
[Result "1-0"]
[WhiteElo "2293"]
[BlackElo "2195"]
[PlyCount "73"]
[EventDate "2002.02.04"]
[EventType "tourn"]
[EventRounds "9"]
[EventCountry "FRA"]
[EventCategory "4"]
[SourceTitle "EXT 2003"]
[Source "ChessBase"]
[SourceDate "2002.11.25"]
[SourceVersion "1"]
[SourceVersionDate "2002.11.25"]
[SourceQuality "1"]

1. e4 e6 2. d4 d5 3. Nc3 Nf6 4. e5 Nfd7 5. Nce2 c5 6. c3 Nc6 7. f4 Qb6 8. Nf3 f6 9. a3 Be7 10. h4 0-0 11. Rh3 cxd4 12. cxd4 Qc7 13. Be3 Qb6 14. Bc1 Qc7 15. Be3 Qb6 16. Nc3 Na5 17. Na4 Qd8 18. b3 a6 19. Bd3 f5 20. h5 b5 21. Nb2 Bb7 22. Bd2 Rc8 23. Bb1 Nc6 24. Qe2 b4 25. a4 a5 26. Nd1 Qb6 27. Qf2 Ba6 28. Be3 Kf7 29. Nh2 Ke8 30. g4 Ndxe5 31. dxe5 d4 32. Bd2 Nxe5 33. gxf5 Qc6 34. Nf3 Ng4 35. Qg1 exf5 36. Nxd4 Qd5 37. Be3 1-0